000 00535nam a2200145Ia 4500
008 220216s9999 xx 000 0 und d
100 _aChakraborty Khirud B
245 0 _aSafer accelerators for the latex industry
260 _bLatex 2004 : The 3rd two-day conference on Synthetic Emulsions, Natural latex and Latex based Products, 20-21 April 2004, Rapra Technology Limited, Hamburg, Germany. pp.75-87.
650 _aAccelerators
650 _aLatex allergy
650 _aLatex industry
700 _aCouchman Roger
942 _cJS
999 _c68377
_d68377